Present position and new role of chief information officers

Salvato in:
Dettagli Bibliografici
Autore principale: Čarnický, Štefan
Altri autori: Sudzina, František
Natura: Capitolo di libro
Lingua:inglese
Tags: Aggiungi Tag
Nessun Tag, puoi essere il primo ad aggiungerne!!

MARC

LEADER 00000naa$a2200000$$$4500
001 0103479
005 20240502083247.0
041 0 |a eng 
044 |a UA 
245 1 0 |a Present position and new role of chief information officers  |c Štefan Čarnický, František Sudzina 
100 1 |a Čarnický, Štefan 
700 1 |a Sudzina, František